000 01012cam a2200253 a 4500
001 000015459
005 20200929164040.0
008 981102s1997 ve 001 0 spa
020 _a980011016X
040 _aDO-SdBNP
_bspa
_dBNPHU
082 _a150.19
_bB588i
245 0 3 _aEl bien del intelecto /
_cMariano Picón-Salas ... [et al.].
260 _aVenezuela :
_bMonte Ávila Editores Latinoamericana,
_c1997.
300 _a63 p. ;
_c16 cm.
490 1 _aMonte Ávila breve
_v4
500 _a"50o aniversario de la Facultad de Humanidades y Educación, Universidad Central de Venezuela."
650 4 _aPsicología
_xTeoría
_934921
610 2 4 _aUNIVERSIDAD CENTRAL DE VENEZUELA
_bFACULTAD DE HUMANIDADES Y EDUCACIÓN
_xHISTORIA
_934922
700 1 _aPicón-Salas, Mariano,
_d1901-1965.
_99942
700 1 _aCaballero, Manuel
_915952
700 1 _aDíaz, Trino Alcides
_934923
700 1 _aBernal, Josefina
_934924
710 2 _aUniversidad Central de Venezuela.
_bFacultad de Humanidades y Educación.
_934114
999 _c15015
_d15015